El "Regnum-Imperium" leonés hasta 1037 / (Record no. 175089)
[ view plain ]
| 000 -LEADER | |
|---|---|
| campo de control de longitud fija | 00866nam a22002415i 4500 |
| 001 - NÚMERO DE CONTROL | |
| campo de control | 175089 |
| 003 - IDENTIFICADOR DE NÚMERO DE CONTROL | |
| campo de control | ES-MaACL |
| 005 - FECHA Y HORA DE LA ÚLTIMA TRANSACCIÓN | |
| campo de control | 20250815103924.0 |
| 008 - DATOS DE LONGITUD FIJA--INFORMACIÓN GENERAL | |
| campo de control de longitud fija | 101005s1951 sp |||| | spa d |
| 080 ## - NÚMERO DE LA CLASIFICACIÓN DECIMAL UNIVERSAL | |
| Número de la Clasificación Decimal Universal | 946.018.1"09/10" |
| 080 ## - NÚMERO DE LA CLASIFICACIÓN DECIMAL UNIVERSAL | |
| Número de la Clasificación Decimal Universal | 342.5(460.18)"09/10" |
| 100 0# - ENTRADA PRINCIPAL--NOMBRE DE PERSONA | |
| Nombre de persona | Sánchez Candeira, Alfonso. |
| 9 (RLIN) | 102519 |
| 245 13 - MENCIÓN DEL TÍTULO | |
| Título | El "Regnum-Imperium" leonés hasta 1037 / |
| Mención de responsabilidad, etc. | por Alfonso Sánchez Candeira. |
| 260 ## - PUBLICACIÓN, DISTRIBUCIÓN, ETC. | |
| Lugar de publicación, distribución, etc. | [Madrid] : |
| Nombre del editor, distribuidor, etc. | Escuela de Estudios Medievales, |
| Fecha de publicación, distribución, etc. | 1951. |
| 300 ## - DESCRIPCIÓN FÍSICA | |
| Extensión | 71 p. ; |
| Dimensiones | 26 cm. |
| 490 1# - MENCIÓN DE SERIE | |
| Mención de serie | Monografías de ciencia moderna ; |
| Designación de volumen o secuencia | 27 |
| 650 04 - PUNTO DE ACCESO ADICIONAL DE MATERIA--TÉRMINO DE MATERIA | |
| Término de materia o nombre geográfico como elemento de entrada | León (Reino)- |
| Subdivisión general | Historia. |
| 9 (RLIN) | 189497 |
| 650 #4 - PUNTO DE ACCESO ADICIONAL DE MATERIA--TÉRMINO DE MATERIA | |
| Término de materia o nombre geográfico como elemento de entrada | Instituciones políticas- |
| Subdivisión geográfica | León (Reino) |
| 9 (RLIN) | 143454 |
| 710 2# - ENTRADA AGREGADA--NOMBRE DE ENTIDAD CORPORATIVA | |
| Nombre de entidad corporativa o nombre de jurisdicción como elemento de entrada | Escuela de Estudios Medievales (España) |
| 9 (RLIN) | 170983 |
| 830 0# - PUNTO DE ACCESO ADICIONAL DE SERIE-TÍTULO UNIFORME | |
| Título uniforme | Monografías de ciencia moderna |
| Designación de volumen o secuencia | 27 |
| 9 (RLIN) | 189470 |
| 852 ## - LOCALIZACIÓN | |
| Ubicación | ES-MaACL |
| Número de control de estantería | E-13293 |
| Encuadernación | P-555 bis |
| Estatus retirado | Estado de pérdida | Estado de daño | No para préstamo | Biblioteca de origen | Biblioteca actual | Ubicación en estantería | Fecha de adquisición | Fuente de adquisición | Total de préstamos | Signatura topográfica completa | Código de barras | Visto por última vez | Precio de reemplazo | Tipo de ítem Koha |
|---|---|---|---|---|---|---|---|---|---|---|---|---|---|---|
| Biblioteca del Ateneo de Madrid | Biblioteca del Ateneo de Madrid | Depósito 2 | 05/10/2010 | E-13293 | 1183848 | 23/02/2023 | 23/02/2023 | Libro impreso |
